| 000 -CABECERA |
| Longitud fija campo de control |
00935cam a2200313 i 4500 |
| 001 - NÚMERO DE CONTROL |
| Número de control |
991059727486406706 |
| 003 - IDENTIFICADOR DEL NÚMERO DE CONTROL |
| Identificador del número de control |
OSt |
| 005 - FECHA Y HORA DE LA ÚLTIMA TRANSACCIÓN |
| Fecha y hora de la última transacción |
20240718164134.0 |
| 008 - CÓDIGOS DE INFORMACIÓN DE LONGITUD FIJA |
| Códigos de información de longitud fija |
201006e202002 spc|||| |||| ||0 0 spa|c |
| 015 ## - NÚMERO DE BIBLIOGRAFÍA NACIONAL |
| Número de bibliografía nacional |
LL2021 |
| Fuente |
bnc |
| 017 ## - NÚMERO DE COPYRIGHT O DE DEPÓSITO LEGAL |
| Número de copyright o de depósito legal |
DL L 28-2020 |
| Agencia que asigna el número |
Biblioteca de Catalunya |
| 020 ## - NÚMERO INTERNACIONAL NORMALIZADO PARA LIBROS |
| Número Internacional Normalizado para Libros (ISBN) |
9788497439008 |
| 040 ## - FUENTE DE LA CATALOGACIÓN |
| Centro catalogador de origen |
ES-BaBC |
| Lengua de catalogación |
cat |
| Normas de descripción |
rda |
| Centro transcriptor |
CDMR |
| 041 1# - CÓDIGO DE LENGUA |
| Código de lengua del texto/banda sonora o título independiente |
cat |
| Código de lengua original |
spa |
| 043 ## - CÓDIGO DE ÁREA GEOGRÁFICA |
| Código de área geográfica |
e------ |
| 080 ## - NÚMERO DE LA CLASIFICACIÓN DECIMAL UNIVERSAL |
| Número de la Clasificación Decimal Universal |
308 |
| Subdivisión auxiliar común |
-053.2/-053.5 |
| -- |
-054.72 |
| -- |
(4) |
| Identificador de la edición |
2004 |
| 100 1# - PUNTO DE ACCESO PRINCIPAL-NOMBRE DE PERSONA |
| Nombre de persona |
Montesinos, Sara, |
| 245 10 - MENCIÓN DE TÍTULO |
| Título |
Solo vivir / |
| Mención de responsabilidad, etc. |
Sara Montesinos, Martí Albesa ; traducción de Paula Aguiriano |
| 264 #1 - PRODUCCIÓN, PUBLICACIÓN , DISTRIBUCIÓN, FABRICACIÓN Y COPYRIGHT |
| Lugar de producción, publicación, distribución, fabricación |
Lleida : |
| Nombre del productor, editor, distribuidor, fabricante |
Editorial Milenio |
| Fecha de de producción, publicación, distribución, fabricación o copyright |
2020 |
| 300 ## - DESCRIPCIÓN FÍSICA |
| Extensión |
117 pàgines ; |
| Dimensiones |
20 cm |
| 490 1# - MENCIÓN DE SERIE |
| Mención de serie |
Nandibú horizontes ; |
| Designación de volumen o secuencia |
6 |
| 650 #7 - PUNTO DE ACCESO ADICIONAL DE MATERIA - TÉRMINO DE MATERIA |
| Término de materia o nombre geográfico como elemento inicial |
Infants immigrants |
| Subdivisión geográfica |
Europa. |
| Fuente del encabezamiento o término |
lemac |
| 650 #7 - PUNTO DE ACCESO ADICIONAL DE MATERIA - TÉRMINO DE MATERIA |
| Término de materia o nombre geográfico como elemento inicial |
Refugiats |
| Subdivisión geográfica |
Europa. |
| Fuente del encabezamiento o término |
lemac |
| 700 1# - PUNTO DE ACCESO ADICIONAL - NOMBRE DE PERSONA |
| Nombre de persona |
Albesa, Martí, |
| 830 #0 - PUNTO DE ACCESO ADICIONAL DE SERIE - TÍTULO UNIFORME |
| Título uniforme |
Nandibú horizonts. |
| Lengua de la obra |
Castellà ; |
| Designación de volumen o secuencia |
6 |
| 908 ## - CONTROL DE PARÁMETROS (RLIN) |
| Parametro de comando lanzado |
BC |
| 940 ## - |
| T&íacute;tulo uniforme |
<a href="BC">BC</a> |
| 942 ## - ENTRADA DE ELEMENTOS AGREGADOS (KOHA) |
| Fuente de clasificaión o esquema |
|
| Koha [por defecto] tipo de item |
Monografies |